[Event "Jyvaskyla Winter op-B 40th"]
[Site "Jyvaskyla"]
[Date "2019.02.02"]
[Round "3"]
[White "Tiiva, Eetu"]
[Black "Korpelainen, Paul"]
[Result "1-0"]
[WhiteElo "1859"]
[BlackElo "1930"]
[PlyCount "83"]
[EventDate "2019.02.01"]
[EventType "swiss"]
[EventRounds "5"]
[EventCountry "FIN"]
[SourceTitle "EXT 2021"]
[Source "ChessBase"]
[SourceDate "2020.10.23"]
[SourceVersion "1"]
[SourceVersionDate "2020.10.23"]
[SourceQuality "1"]

1. c4 Nf6 2. g3 g6 3. Bg2 Bg7 4. Nc3 d6 5. e4 e5 6. Nge2 Nc6 7. 0-0 Nh5 8. d3 0-0 9. h3 f5 10. exf5 gxf5 11. Nd5 Nf6 12. Nec3 Nxd5 13. Nxd5 Nd4 14. Qh5 c6 15. Bg5 Qe8 16. Qxe8 Rxe8 17. Nc7 Be6 18. Nxa8 Rxa8 19. Kh2 h6 20. Be7 Bf8 21. Bxf8 Rxf8 22. b4 f4 23. h4 f3 24. Bh3 Bxh3 25. Kxh3 Kg7 26. a4 Kg6 27. Rab1 Kf5 28. c5 d5 29. b5 Ne6 30. bxc6 bxc6 31. Rfc1 e4 32. dxe4+ dxe4 33. Rb4 Rd8 34. g4+ Ke5 35. Rcc4 Nf4+ 36. Kh2 Ne2 37. Rxe4+ Kd5 38. Re3 Kxc5 39. Rb2 Nd4 40. Rc3+ Kd5 41. Rb7 Rg8 42. Rd7+ 1-0

[Event "Helsinki KapSK op"]
[Site "Helsinki"]
[Date "2018.11.04"]
[Round "5"]
[White "Korpelainen, Paul"]
[Black "Miettinen, Teemu"]
[Result "1/2-1/2"]
[WhiteElo "1928"]
[BlackElo "2003"]
[PlyCount "49"]
[EventDate "2018.11.02"]
[EventType "swiss"]
[EventRounds "5"]
[EventCountry "FIN"]
[SourceTitle "EXT 2021"]
[Source "ChessBase"]
[SourceDate "2020.10.23"]
[SourceVersion "1"]
[SourceVersionDate "2020.10.23"]
[SourceQuality "1"]

1. e4 e5 2. Bc4 Nf6 3. d3 Be7 4. Nc3 Nc6 5. Nge2 Na5 6. 0-0 0-0 7. Ng3 d6 8. f4 c6 9. Bb3 Nxb3 10. axb3 Qb6+ 11. Kh1 Ng4 12. Qe1 Bh4 13. h3 exf4 14. Bxf4 Ne5 15. Be3 Qd8 16. Rxa7 Rxa7 17. Bxa7 c5 18. Nd5 Qg5 19. Kh2 Nc6 20. Bb6 Nd4 21. c3 Ne6 22. Qe3 Qxe3 23. Nxe3 g6 24. Ne2 Bg5 25. Nd5 1/2-1/2